Монастирі та храми Волинського краю (Запис № 17423)

000 -Маркер запису
Контрольне поле сталої довжини 02103nam a22002657a 4500
003 - Належність контрольного номера
Контрольне поле Uzh_bibl
008 - Кодовані дані
Контрольне поле сталої довжини 250401b |||||||| |||| 00| 0 ukr d
020 ## - Індекс ISBN
ISBN 966-575-072-0
Ціна 13.96
040 ## - Джерело каталогіз.
Код мови каталог. укр.
041 ## - Код мови видання
Код мови оригіналу українська
Код мови тексту українська
080 ## - Індекс УДК
Індекс УДК 726.1(477)
090 ## - Шифри
Поличний індекс 726.1(477)
Авторський знак Г 59
100 ## - Автор
Автор Годованюк, Олена
245 ## - Назва
Назва Монастирі та храми Волинського краю
Відповідальність Ред. О. Гриценко
Фізичний носій Текст
260 ## - Вихідні дані
Місце видання Київ
Видавництво Техніка
Дата видання 2004
300 ## - Фізичний опис
Обсяг 176 с.
Ілл./тип відтвор. Іл.
490 ## - Серія
Назва серії "Національні святині України"
520 ## - Анотація
Анотація Книжку присвячено монастирям і храмам Волині - одного з найдавніших регіонів України, якому належить визначна роль у формуванні та розвитку української архітектури. Читач довідається про багатовікову складну історію цього краю, закарбовану, зокрема, в монументальних муровинах християнських святинях. Крім широко відомих монастирських ансамблів, які були осередками віри й просвітництва, та величних храмів, що збериглись і донині, згадаємо й про ті, що зараз вже не існують. Особливу увагу приділено збудованим у віддалених волинських селах церквам, виявленим і дослідженим автором протягом останніх десятиріч.<br/>
521 ## - Примітка про цільове призначення
Примітка про цільове призначення Для широкого кола читачі
546 ## - Примітка про мову
Примітка про мову укр.
650 ## - Тематичні рубрики
Основна рубрика Науково-популярне видання
653 ## - Ключові слова
Ключові слова Історія, архітектура.
-- Храми, монастирі
655 ## - Термін індексування — жанр/форма
Жанр/форма Релігія
Типове ділення Туристичний путівник
942 ## - ADDED ENTRY ELEMENTS (KOHA)
Джерело класифікації чи схема поличного розташування
Koha item type Книги
Фонди
Статус вилучення Статус втрати/відсутності Джерело класифікації чи схема поличного розташування Статус пошкодження Тип обігу (не для випозичання) Постійне розташування Поточне розташування Розташування у відділі Дата надходження Інвентарний номер Total Checkouts Повний (примірниковий) шифр зберігання Штрих-код Date last seen Дата, для якої чинна ціна заміни Тип одиниці (рівень примірника)
          Бібліотека-філія № 1 для дітей Бібліотека-філія № 1 для дітей Читальна зала старший відділ 21/04/2026 54233   726.1(477) 16611 21/04/2026 21/04/2026 Книги

Працює на АБІС Коха